Around the world in fifty days (Record no. 241309)

MARC details
000 -LEADER
fixed length control field 01057nam a22002177a 4500
003 - CONTROL NUMBER IDENTIFIER
control field St Aloysius Coll
005 - DATE AND TIME OF LATEST TRANSACTION
control field 20260418164809.0
008 - FIXED-LENGTH DATA ELEMENTS--GENERAL INFORMATION
fixed length control field 260418b |||||||| |||| 00| 0 eng d
020 ## - INTERNATIONAL STANDARD BOOK NUMBER
International Standard Book Number 9788198858030
040 ## - CATALOGING SOURCE
Transcribing agency AL
041 ## - LANGUAGE CODE
Language code of text/sound track or separate title English
082 ## - DEWEY DECIMAL CLASSIFICATION NUMBER
Classification number 910.4
Item number HANA
100 ## - MAIN ENTRY--PERSONAL NAME
Personal name Basil Hans V
9 (RLIN) 262200
245 ## - TITLE STATEMENT
Title Around the world in fifty days
Remainder of title : the joy and perils of voyage
260 ## - PUBLICATION, DISTRIBUTION, ETC.
Place of publication, distribution, etc. Ghaziabad
Name of publisher, distributor, etc. P&P Academy
Date of publication, distribution, etc. 2025
300 ## - PHYSICAL DESCRIPTION
Extent v, 112p.
Other physical details PB
Dimensions 21.5x14cm
365 ## - TRADE PRICE
Source of price type code General
520 ## - SUMMARY, ETC.
Summary, etc. As the journey progresses, a tapestry of cultures, climates, and characters weaves together to create a vibrant mosaic of the world. Each stop along the way brings with it a distinct flavor, a unique story, and a fresh perspective, challenging the traveler to adapt and grow. from the bustling street markets of Marrakech to the serene fjords of Norway, the voyage is an exploration of both external environments and the internal landscapes of the soul.
650 ## - SUBJECT ADDED ENTRY--TOPICAL TERM
Source of heading or term Geography and Travel
Topical term or geographic name entry element History and Geograpgy
9 (RLIN) 262201
942 ## - ADDED ENTRY ELEMENTS (KOHA)
Source of classification or shelving scheme Dewey Decimal Classification
Koha item type Book
Holdings
Withdrawn status Lost status Source of classification or shelving scheme Damaged status Not for loan Collection code Home library Current library Date acquired Total Checkouts Full call number Barcode Date last seen Price effective from Koha item type
    Dewey Decimal Classification     General St Aloysius PG Library St Aloysius PG Library 04/16/2026   910.4 HANA PG025246 04/18/2026 04/18/2026 Donated Books